| 000 | 00712cam a22002533a 4500 | ||
|---|---|---|---|
| 001 | 19089 | ||
| 003 | PGUSA | ||
| 005 | 20140828083414.0 | ||
| 008 | 060820s2006||||xxu|||||s|||||000 1 eng d | ||
| 040 |
_aPGUSA _beng |
||
| 042 | _adc | ||
| 050 | 4 | _aPS | |
| 100 | 1 |
_aBuck, Charles Neville, _d1879-1930 |
|
| 245 | 1 | 2 |
_aA Pagan of the Hills _h[electronic resource] / _cCharles Neville Buck |
| 260 |
_bProject Gutenberg, _c2006 |
||
| 506 | _aPublic domain in the USA. | ||
| 516 | _aElectronic text | ||
| 653 | _aKentucky -- Fiction | ||
| 653 | _aMountain life -- Fiction | ||
| 700 | 1 | _aGage, George W. | |
| 830 | 0 |
_aProject Gutenberg _v19089 |
|
| 856 | 4 | 0 | _uhttp://www.gutenberg.org/ebooks/19089 |
| 942 | _cEB | ||
| 999 |
_c248344 _d248344 |
||